Normal view
MARC view
- Rich D A
Entry Personal Name
001 - CONTROL NUMBER
- control field: 214951
003 - CONTROL NUMBER IDENTIFIER
- control field: OSt
005 - DATE AND TIME OF LATEST TRANSACTION
- control field: 20251114163454.0
008 - FIXED-LENGTH DATA ELEMENTS
- fixed length control field: 251114|| aca||aabn | a|a d
040 ## - CATALOGING SOURCE
- Original cataloging agency: OSt
- Transcribing agency: OSt
100 ## - HEADING--PERSONAL NAME
- Personal name: Rich D A
670 ## - SOURCE DATA FOUND
- Source citation: Work cat.: (OSt)86801: Rich D A, How to click with everyone everytime, 2004